000 01225cam a2200337 a 4500
999 _c129800
_d129800
001 3955154
003 ARRUPE
005 20190904144038.0
008 931213s1993 gw a b 001 0 eng
010 _a 93242700
020 _a3527290079
020 _a1560817984
040 _aDLC
_cDLC
_dDLC
050 0 0 _aQ172.5.C45
_bK39 1993
082 0 0 _a003./7
_220
100 1 _aKaye, Brian H.
_q(Brian Howard),
_d1932-
_948052
245 1 0 _aChaos & complexity :
_bdiscovering the surprising patterns of science and technology /
_cBrian Kaye.
260 _aWeinheim ;
_aNew York :
_bVCH,
_cc1993.
300 _axxii, 593 p. :
_bill. ;
_c24 cm.
504 _aIncludes bibliographical references and indexes.
650 0 _aChaotic behavior in systems.
_914155
650 0 _aFractals.
_948053
650 0 _aComputational complexity.
_948054
650 0 _aTechnological complexity.
_948055
740 0 _aChaos and complexity.
906 _a7
_bcbc
_corignew
_d2
_encip
_f19
_gy-gencatlg
942 _2lcc
_cMONOGRAPH